El municipio : soñar caminando /

No se puede decir que la Asociación tenga un sueño compartido: tiene acuerdos sobre cómo avanzar en una dirección común. Si tuviéramos que hablar de un sueño, diría que la Asociación aspira al equilibrio de poderes en el territorio, para que personas que viven en sitios apartados tengan el derecho r...

Descripción completa

Detalles Bibliográficos
Autor principal: Maldonado, Víctor
Formato: Analitica de revista
Lenguaje:español
Publicado: Santiago, Chile SUR 2000
Materias:

MARC

LEADER 00000cab a2200000 a 4500
001 037908
003 UAHC_CL
005 20171205125414.0
008 140120s2000 cl 000 spa
952 |0 0  |1 0  |4 0  |6 PROPOSICIONES_31_00_000000000000000  |7 0  |8 COMP  |9 71924  |a BC  |b BC  |c COMP  |d 2017-08-03  |l 0  |o PROPOSICIONES-31/00  |r 2017-08-03 00:00:00  |t 1  |w 2017-08-03  |y REVA 
999 |c 37908  |d 37908 
040 |a UAHC_CL  |c UAHC_CL  |d UAHC_CL 
100 1 |a Maldonado, Víctor 
245 1 3 |a El municipio :  |b soñar caminando /  |c Víctor Maldonado. 
260 |b SUR  |c 2000  |a Santiago, Chile 
300 |a pp. 16-25 
310 |a Anual. 
362 0 |a Año 1, no. 1 (nov. 2002)- . 
500 |a En: Proposiciones. no. 31, 2000. pp. 16-25. ISSN. 956208051X. 
520 |a No se puede decir que la Asociación tenga un sueño compartido: tiene acuerdos sobre cómo avanzar en una dirección común. Si tuviéramos que hablar de un sueño, diría que la Asociación aspira al equilibrio de poderes en el territorio, para que personas que viven en sitios apartados tengan el derecho real de afectar su propia vida, como las personas de las grandes ciudades. 
650 4 |a MUNICIPIOS 
650 4 |a ELECCIONES MUNICIPALES 
900 |a PROPOSICIONES-31/00 
942 |c REVA  |2 ddc